[Event "Verbandsliga Sued Baden 0708"]
[Site "Germany"]
[Date "2007.10.28"]
[Round "2.5"]
[White "Haftstein, Gunter"]
[Black "Chaury, Fabien"]
[Result "0-1"]
[WhiteElo "2006"]
[BlackElo "2086"]
[PlyCount "106"]
[EventDate "2007.10.14"]
[EventType "team"]
[EventRounds "9"]
[EventCountry "GER"]
[SourceTitle "EXT 2009"]
[Source "ChessBase"]
[SourceDate "2008.11.26"]
[SourceVersion "1"]
[SourceVersionDate "2008.11.26"]
[SourceQuality "1"]
[WhiteTeam "Lahr"]
[BlackTeam "Kehl"]
[WhiteTeamCountry "GER"]
[BlackTeamCountry "GER"]

1. d4 d5 2. c4 c6 3. Nc3 Nf6 4. Nf3 a6 5. c5 g6 6. Bf4 Nh5 7. e3 Nxf4 8. exf4 Qc7 9. Qd2 Bg7 10. Be2 0-0 11. 0-0 Bg4 12. Ne5 Bxe2 13. Qxe2 Nd7 14. Rac1 Rae8 15. Qg4 e6 16. h4 Re7 17. h5 Nf6 18. Qf3 Nxh5 19. g4 f6 20. Nd3 e5 21. gxh5 e4 22. Qh3 exd3 23. h6 Bh8 24. f5 Qf4 25. fxg6 hxg6 26. Qxd3 f5 27. Rcd1 Qg4+ 28. Qg3 Qxg3+ 29. fxg3 Kh7 30. g4 Kxh6 31. gxf5 Rxf5 32. Rxf5 gxf5 33. Kf2 Kg5 34. Kf3 f4 35. Ne2 Re3+ 36. Kf2 Kf5 37. Rh1 Bf6 38. Rh6 Re4 39. Rh5+ Kg6 40. Rh3 Bxd4+ 41. Nxd4 Rxd4 42. Rb3 Kf5 43. Rxb7 Rc4 44. b4 Ke4 45. Re7+ Kd3 46. a3 Kc2 47. Re6 d4 48. Re4 Kb3 49. Rxf4 Kxa3 50. Rf6 Kxb4 51. Rxc6 a5 52. Ke2 Rxc5 53. Rb6+ Kc3 0-1

[Event "Verbandsliga Sued Baden 0607"]
[Site "Germany"]
[Date "2006.11.12"]
[Round "2.5"]
[White "Schaedler, Juergen"]
[Black "Chaury, Fabien"]
[Result "1/2-1/2"]
[WhiteElo "2037"]
[BlackElo "2087"]
[PlyCount "84"]
[EventDate "2006.10.22"]
[EventType "team"]
[EventRounds "9"]
[EventCountry "GER"]
[SourceTitle "EXT 2008"]
[Source "ChessBase"]
[SourceDate "2007.11.25"]
[SourceVersion "1"]
[SourceVersionDate "2007.11.25"]
[SourceQuality "1"]
[WhiteTeam "Gottmadingen"]
[BlackTeam "Kehl"]
[WhiteTeamCountry "GER"]
[BlackTeamCountry "GER"]

1. d4 d5 2. Nf3 Nf6 3. c4 c6 4. e3 e6 5. b3 Bb4+ 6. Nbd2 Nbd7 7. Bb2 0-0 8. Bd3 Ne4 9. 0-0 f5 10. a3 Be7 11. b4 a5 12. b5 Kh8 13. Ne1 Bf6 14. f4 Nd6 15. a4 dxc4 16. Nxc4 Nxc4 17. Bxc4 Nb6 18. Be2 Nd5 19. Qb3 Re8 20. Nf3 Qb6 21. Ba3 Bd7 22. Bc5 Qd8 23. b6 g5 24. g3 Rg8 25. Ne5 Bxe5 26. dxe5 gxf4 27. exf4 Qh4 28. Qf3 Rg7 29. Qh5 Qxh5 30. Bxh5 Rag8 31. Ra3 Be8 32. Bxe8 Rxe8 33. Kf2 h5 34. Ke2 Reg8 35. Bf2 Rg4 36. h4 Ra8 37. Rb1 Ra6 38. Be1 Kg7 39. Bf2 Kf7 40. Rab3 Ke7 41. Bc5+ Kd7 42. Kf3 Ra8 1/2-1/2

[Event "Verbandsliga Sued Baden 0506"]
[Site "Germany"]
[Date "2006.04.09"]
[Round "8.6"]
[White "Chaury, Fabien"]
[Black "Meyer, Peter"]
[Result "1/2-1/2"]
[WhiteElo "2085"]
[BlackElo "2312"]
[PlyCount "42"]
[EventDate "2005.10.16"]
[EventType "team"]
[EventRounds "9"]
[EventCountry "GER"]
[SourceTitle "EXT 2007"]
[Source "ChessBase"]
[SourceDate "2006.11.23"]
[SourceVersion "1"]
[SourceVersionDate "2006.11.23"]
[SourceQuality "1"]
[WhiteTeam "Kehl"]
[BlackTeam "Oberwinden"]
[WhiteTeamCountry "GER"]
[BlackTeamCountry "GER"]

1. d4 d5 2. c4 Nc6 3. Bf4 Nf6 4. e3 Bg4 5. f3 Bh5 6. Nc3 e6 7. c5 Bg6 8. Qb3 Qd7 9. Bb5 Be7 10. Bxc6 Qxc6 11. Qb5 Kd7 12. Qxc6+ Kxc6 13. Nge2 Nh5 14. Kd2 f6 15. b4 a6 16. a4 Nxf4 17. Nxf4 Bf7 18. e4 dxe4 19. fxe4 Rhd8 20. b5+ Kd7 21. Nd3 c6 1/2-1/2

[Event "Baden VLS 0203"]
[Site "Baden"]
[Date "2003.05.04"]
[Round "9.4"]
[White "Chaury, Fabien"]
[Black "Konson, Konstantin"]
[Result "0-1"]
[WhiteElo "2174"]
[BlackElo "2251"]
[PlyCount "92"]
[EventDate "2002.10.13"]
[EventType "team-tourn"]
[EventRounds "9"]
[EventCountry "GER"]
[SourceTitle "EXT 2022"]
[Source "ChessBase"]
[SourceDate "2021.10.06"]
[SourceVersion "1"]
[SourceVersionDate "2021.10.06"]
[SourceQuality "1"]
[WhiteTeam "Kehl"]
[BlackTeam "Oos II"]
[WhiteTeamCountry "GER"]
[BlackTeamCountry "GER"]

1. d4 d5 2. c4 c5 3. Nc3 Nf6 4. Nf3 cxd4 5. Nxd4 e5 6. Nf3 d4 7. Nxe5 dxc3 8. Qxd8+ Kxd8 9. Nxf7+ Ke8 10. Nxh8 Bb4 11. b3 Bf5 12. f3 Nc6 13. e4 Be6 14. Be3 Ke7 15. a3 Bd6 16. Bd3 Rxh8 17. Ke2 Rd8 18. h3 Nh5 19. Rhd1 Nf4+ 20. Kf2 Be5 21. Bc2 Nd4 22. Rdc1 Nfe2 23. Bxd4 Nxd4 24. g3 Bxh3 25. f4 Nxc2 26. Rxc2 Rd2+ 27. Rxd2 cxd2 28. Rd1 Bc3 29. Kf3 h5 30. Ke3 Bg4 31. Rxd2 Bxd2+ 32. Kxd2 Kd6 33. Kc3 b6 34. Kd4 Bd1 35. b4 Ba4 36. c5+ bxc5+ 37. bxc5+ Kc6 38. e5 Bb3 39. f5 Bc2 40. f6 gxf6 41. exf6 Bb3 42. Ke5 Kxc5 43. Kf4 a5 44. g4 hxg4 45. Kxg4 Kb5 46. Kf4 Ka4 0-1

[Event "Baden VLS 0203"]
[Site "Baden"]
[Date "2003.04.06"]
[Round "8.6"]
[White "Strittmatter, Norbert"]
[Black "Chaury, Fabien"]
[Result "1-0"]
[WhiteElo "2088"]
[BlackElo "2174"]
[PlyCount "61"]
[EventDate "2002.10.13"]
[EventType "team-tourn"]
[EventRounds "9"]
[EventCountry "GER"]
[SourceTitle "EXT 2022"]
[Source "ChessBase"]
[SourceDate "2021.10.06"]
[SourceVersion "1"]
[SourceVersionDate "2021.10.06"]
[SourceQuality "1"]
[WhiteTeam "Waldshut II"]
[BlackTeam "Kehl"]
[WhiteTeamCountry "GER"]
[BlackTeamCountry "GER"]

1. e4 c6 2. d3 d5 3. Nd2 e6 4. Ngf3 Nf6 5. g3 Be7 6. Bg2 0-0 7. 0-0 c5 8. e5 Nfd7 9. Re1 Nc6 10. Nf1 b5 11. h4 Qc7 12. Bf4 a5 13. Ne3 c4 14. Nxd5 exd5 15. e6 Bd6 16. Bxd6 Qxd6 17. exd7 Bxd7 18. dxc4 bxc4 19. Nd2 Qc5 20. Ne4 dxe4 21. Qxd7 Rad8 22. Qc7 Rc8 23. Qf4 f5 24. Rad1 Nb4 25. Rd7 Rf7 26. Rxf7 Kxf7 27. Rxe4 g6 28. Re5 Qf8 29. Rxa5 Qe7 30. c3 Nc6 31. Qxc4+ 1-0

[Event "FRA-chT"]
[Site "France"]
[Date "1998.05.11"]
[Round "11"]
[White "Moingt, Jean Claude"]
[Black "Chaury, Fabien"]
[Result "1-0"]
[WhiteElo "2300"]
[BlackElo "2225"]
[PlyCount "63"]
[EventDate "1998.02.06"]
[EventType "team"]
[EventRounds "11"]
[EventCountry "FRA"]
[SourceTitle "CBM 064 Extra"]
[Source "ChessBase"]
[SourceDate "1998.07.07"]
[SourceVersion "1"]
[SourceVersionDate "1998.07.07"]
[SourceQuality "1"]

1. Nf3 d5 2. g3 Nf6 3. Bg2 c6 4. d3 Nbd7 5. 0-0 g6 6. Nbd2 Bg7 7. e4 dxe4 8. dxe4 e5 9. Qe2 0-0 10. Nc4 Qc7 11. Rd1 b6 12. Nd6 Ne8 13. Nxc8 Rxc8 14. a4 Nef6 15. a5 Nc5 16. axb6 axb6 17. Ne1 Ra8 18. Bd2 Rfd8 19. f3 Nfd7 20. Bh3 Nf8 21. Bg5 Re8 22. Be3 Nfe6 23. c3 Bf8 24. Qc2 b5 25. Rxa8 Rxa8 26. b4 Nb7 27. Bxe6 fxe6 28. Qb3 Qf7 29. f4 Nd6 30. Nf3 Nc4 31. Nxe5 Ra3 32. Qxa3 1-0

[Event "FRA-chT"]
[Site "France"]
[Date "1996.??.??"]
[Round "?"]
[White "Chaury, Fabien"]
[Black "Marcantoni, Herve"]
[Result "1/2-1/2"]
[WhiteElo "2240"]
[BlackElo "2255"]
[PlyCount "185"]
[EventDate "1996.??.??"]
[EventType "team"]
[EventRounds "11"]
[EventCountry "FRA"]
[SourceTitle "CBM 055 Extra"]
[Source "ChessBase"]
[SourceDate "1997.01.01"]
[SourceVersion "1"]
[SourceVersionDate "1997.01.01"]
[SourceQuality "1"]

1. d4 Nf6 2. c4 g6 3. Nc3 Bg7 4. e4 d6 5. Nf3 0-0 6. Be2 e5 7. dxe5 dxe5 8. Qxd8 Rxd8 9. Bg5 Rf8 10. Nd5 Nxd5 11. cxd5 c6 12. Bc4 b5 13. Bb3 a5 14. a3 Bb7 15. dxc6 Bxc6 16. Nd2 Na6 17. Rc1 Rfc8 18. 0-0 h6 19. Be3 a4 20. Ba2 Bb7 21. b4 axb3 22. Bxb3 Bf8 23. a4 bxa4 24. Bxa4 Nc5 25. Bb5 Nxe4 26. Nxe4 Bxe4 27. Rxc8 Rxc8 28. Rc1 Rxc1+ 29. Bxc1 Bd5 30. Bd3 f5 31. f3 Bc5+ 32. Kf1 Kg7 33. Ke2 Bd4 34. Bd2 h5 35. g3 Kf6 36. Be3 g5 37. f4 gxf4 38. gxf4 Bb2 39. Bb5 Bf7 40. h4 exf4 41. Bxf4 Bd4 42. Bd3 Be8 43. Bc4 Bc5 44. Bd3 Kg6 45. Kf3 Bc6+ 46. Kg3 Bb4 47. Kf2 Bc3 48. Be2 Be8 49. Bc4 Kf6 50. Bd3 Bc6 51. Be2 Kg6 52. Bc4 Ba4 53. Be2 Bb3 54. Bf3 Bc4 55. Bd1 Bb4 56. Bf3 Bb5 57. Bd1 Bc5+ 58. Kg3 Bc4 59. Bf3 Bf1 60. Bd1 Bb4 61. Ba4 Be2 62. Kf2 Bg4 63. Bg5 Kf7 64. Bb3+ Kg7 65. Ke3 Bc3 66. Bd5 Bb2 67. Kd2 Bf6 68. Ke3 Be5 69. Bc4 Bb2 70. Kd2 Kg6 71. Bb5 Kf7 72. Bc4+ Kg6 73. Bb5 Kf7 74. Bc4+ Kg7 75. Bd5 Bd4 76. Kd3 Bc5 77. Kd2 Bf2 78. Bc4 Kf8 79. Bb5 Kf7 80. Bc4+ Ke8 81. Bb5+ Kf8 82. Bc4 Bd4 83. Kd3 Be5 84. Ke3 Kg7 85. Bd5 Bc3 86. Kd3 Bb2 87. Kd2 Bh3 88. Bf3 Bg4 89. Bd5 Kg6 90. Bc6 Bf6 91. Be8+ Kg7 92. Ke3 Bb2 93. Kd2 1/2-1/2

[Event "Val Thorens op"]
[Site "Val Thorens"]
[Date "1995.??.??"]
[Round "?"]
[White "Benitah, Yohan"]
[Black "Chaury, Fabien"]
[Result "0-1"]
[WhiteElo "2320"]
[BlackElo "1960"]
[PlyCount "90"]
[EventDate "1995.??.??"]
[EventType "swiss"]
[EventRounds "9"]
[EventCountry "FRA"]
[SourceTitle "EXT 1999"]
[Source "ChessBase"]
[SourceDate "1998.11.16"]
[SourceVersion "1"]
[SourceVersionDate "1998.11.16"]
[SourceQuality "1"]

1. d4 d5 2. c4 c6 3. Nc3 Nf6 4. cxd5 cxd5 5. Bf4 a6 6. e3 e6 7. a3 Be7 8. Bd3 Nbd7 9. h3 b5 10. Nf3 Bb7 11. Nd2 Nb6 12. 0-0 0-0 13. b4 Rc8 14. Rc1 Nc4 15. Nxc4 dxc4 16. Bc2 Nd5 17. Nxd5 Qxd5 18. e4 Qd7 19. e5 Rfd8 20. Be3 a5 21. Rb1 axb4 22. axb4 Ra8 23. f4 Ra2 24. Rf2 Rda8 25. f5 Bh4 26. Rd2 c3 27. fxe6 Qxe6 28. Re2 Bd5 29. Bf2 Bg5 30. Qd3 g6 31. Qd1 Bc4 32. Re4 Qf5 33. g4 Qe6 34. Be3 Rxc2 35. Qxc2 Ra2 36. Qxc3 Qd5 37. Bxg5 Qxe4 38. Rb2 Ra1+ 39. Bc1 Bd5 40. Rh2 Rb1 41. Kf2 Bc4 42. Be3 Rf1+ 43. Kg3 Rf3+ 44. Kh4 h6 45. Qc2 Qxe3 0-1